000 00776cam a2200265 a 4500
005 20260322212057.0
008 data
010 _a 94072340
020 _a0879520388
020 _a9780879520380
040 _aDLC
_cDLC
_dDLC
050 0 0 _aBX6941
_b.S4 1994
082 0 0 _a289.5/2
_221
092 _a289.5 S4 1994
100 1 _aEddy, Mary Baker,
_d1821-1910.
245 1 0 _aScience and health :
_bwith key to the Scriptures /
_cMary Baker Eddy.
250 _a[Authorized ed.].
260 _aBoston, Mass. :
_bFirst Church of Christ, Scientist,
_cc1994.
300 _axii, 700 p. ;
_c23 cm.
500 _aOriginally published: 1875.
500 _aIncludes index.
650 0 _aChristian Science.
650 0 _aHealth
_xChristian Science.
_xChristian Science.
001 data
999 _c1349
_d1349